A handbook of personnel management practice /

Salvato in:
Dettagli Bibliografici
Autore principale: Armstrong, Michael (Autore)
Natura: Libro
Lingua:inglese
Pubblicazione: London Kogan Page 1991 [reprint. 1994]
Edizione:4th ed.
Soggetti:
Tags: Aggiungi Tag
Nessun Tag, puoi essere il primo ad aggiungerne!!

MARC

LEADER 00000nam a22000003a 4500
001 0013529
003 SK-STU
005 20160324095523.9
007 ta
008 160324s ----xo-----e------000-0-----d
020 |a 0-7494-0226-1 
040 |a STU  |b slo 
041 0 |a eng 
044 |a xxk 
100 1 |a Armstrong, Michael  |4 aut 
245 1 0 |a A handbook of personnel management practice /  |c aut. Michael Armstrong 
250 |a 4th ed. 
260 |a London  |b Kogan Page  |c 1991 [reprint. 1994] 
300 |a 976 p. 
650 0 7 |a personálny manažment 
996 |b 284M086689  |c M*13845-1  |l MMKN  |s A  |a 24  |w 0013529_0001